00427 2200157 4500001002100000005001500021035002000036245007000056100001900126250001700145300003200162260003100194082000800225084001400233020002200247INLIS00000000000042820240629021025 a0010-06240001371 aBuku Pengayaan Seri Flora & Fauna :bHewan Laut /cPipit Pitriana0 aPipit Pitriana acetakan ke-1 aiv, 52 hlm :bilus ;c21 cm aJakarta :bJP Books,c2007 a590 a590 PIP b a978-979-348-783-0